Si ves un monte de espuma y otros poemas : antología de poesía infantil hispanoamericana /

Imaginas un verso que es un monte de espumas, o que una noche te encontraras a la luna durmiendo en el río, o un cañón de chocolate disparando a un barco de papel...Éstos son algunos de los elementos que encontrarás en los poemas de esta antología, unos divertidos, otros tristes, todos llenos de rit...

Descripción completa

Guardado en:
Autor Principal: Garralón, Ana
Otros Autores: Novoa, Teresa; il.
Formato: Libro
Publicado: Buenos Aires : Aique, 2014
Series:Sopa de Libros ; 44
Materias:
Etiquetas: Agregar Etiqueta
Sin Etiquetas, Sea el primero en etiquetar este registro!
LEADER 03139nam a22003015a 4500
001 CEM.cems015077
008 130507s2014##################000#0#####d
005 20241113160315.0
245 1 0 |a Si ves un monte de espuma y otros poemas :  |b antología de poesía infantil hispanoamericana /  |c Ana Garralón ; ilustrado Por Teresa Novoa. 
260 |a Buenos Aires :  |b Aique,  |c 2014 
300 |a 128 p. 
490 0 |a Sopa de Libros ; 44 
500 |a A partir de 8 años. 
500 |a Glosario p.105. 
520 |a Imaginas un verso que es un monte de espumas, o que una noche te encontraras a la luna durmiendo en el río, o un cañón de chocolate disparando a un barco de papel...Éstos son algunos de los elementos que encontrarás en los poemas de esta antología, unos divertidos, otros tristes, todos llenos de ritmo y musicalidad; con ellos podrás disfrutar de la tradición popular de la poesía hispanoamericana. 
505 0 |a Prólogo -- POESÍA PARA EL DÍA -- Si ves un monte de espumas / José Martí -- Sé de un pintor atrevido / José Martí -- Los dos príncipes / José Martí -- La cabeza del Rawi / Rubén Darío -- Buen viaje / Amado Nervo -- Sandía / José Juan Tablada -- Miedo / Gabriela Mistral -- La tijera de mamá / Germán Berdiales -- Por el alto río / Nicolás Guillén -- Un son para los chicos antillanos / Nicolás Guillén -- ¿Quién eres tú? / Nicolás Guillén -- El sapito Glo Glo Glo / José Sebastián Tallon -- Mi loro verde y azul / Óscar Jara Azócar -- Plenilunio / José Coronel Urtecho -- Romancillo del viejo ratón / Javier Villafañe -- Ronda del sapo y la rana / Javier Villafañe -- La pájara pinta / Mirta Aguirre -- Patio de infancia / Andrés Sabella -- Trompo bailarín / Ester Feliciano -- Letra para la primera lección de piano / Aquiles Nazoa -- Tesoros / Eliseo Diego -- Juego / Efraín Barquero -- Guanaco / Hugo Molina Viaña -- Saludo mañanero / Francisco Morales Santos -- Bailemos la ronda / Velia Bosch -- La tortuga Pocaprisa / Floria Jiménez -- POESÍA PARA LA NOCHE -- Niñito, ven / Amado Nervo -- Hallazgo / Gabriela Mistral -- Las canciones de Natacha / Juana de Ibarbourou -- Canción de cuna de las flores / Rafael Olivares Figueroa -- Enanitos / Germán Berdiales -- La luna / Germán Berdiales -- Canción de cuna para despertar a un negrito / Nicolás Guillén -- Canción del niño que vuela / José Sebastián Tallon -- Canción de cuna del Amazonas / Gastón Figueira -- Canción de cuna / Javier Villafañe -- Cuando me duermo / Eliseo Diego -- Cuarto creciente / Efraín Subero -- Quisiera que / Emma Pérez Téllez 
020 |a 9789870606376 
100 1 |a Garralón, Ana 
700 1 |a Novoa, Teresa; il. 
082 0 4 |a H861.4 
653 |a Literatura 
653 |a Literatura hispanoamericana 
653 |a Literatura infantil 
653 |a Poesía infantil 
653 |a Colección ciencias de la educación 
859 |a CEMS  |b BIB. CEMS - Inicial y Primaria  |h H861.4  |i G191  |k IP  |p 4327  |t Ej.1 
859 |a CEMS  |b BIB. CEMS - Ccias. Educacion  |h H861.4  |i G191  |k CE  |p 28024.19  |t Ej.1 
859 |a CEMS  |b BIB. CEMS - Ccias. Educacion  |h H861.4  |i G191  |k CE  |p 28873.19  |t Ej.2